[Event "Recife Arraes Memorial 10th"]
[Site "Recife"]
[Date "2017.10.08"]
[Round "6"]
[White "Cunha, Jose Manoel Vercosa"]
[Black "Assuncao, Jose Ribamar da Cos"]
[Result "0-1"]
[WhiteElo "1545"]
[BlackElo "1680"]
[PlyCount "74"]
[EventDate "2017.10.06"]
[EventType "swiss"]
[EventRounds "6"]
[EventCountry "BRA"]
[SourceTitle "CBM 181 Extra"]
[Source "ChessBase"]
[SourceDate "2017.12.12"]
[SourceVersion "1"]
[SourceVersionDate "2017.12.12"]
[SourceQuality "1"]

1. d4 Nf6 2. c4 e6 3. Nc3 Bb4 4. Bd2 d5 5. e3 Nc6 6. a3 Bxc3 7. Bxc3 0-0 8. Nf3 Re8 9. Be2 Ne4 10. 0-0 Nxc3 11. bxc3 e5 12. cxd5 Qxd5 13. c4 Qd8 14. d5 e4 15. Nd4 Ne5 16. f4 exf3 17. Nxf3 Bg4 18. Nxe5 Bxe2 19. Qxe2 Rxe5 20. Qf3 Qf8 21. e4 Qe7 22. Rfe1 Re8 23. Qb3 b6 24. Qb4 Rxe4 25. Rxe4 Qxe4 26. Rf1 Qe3+ 27. Kh1 Qe2 28. Rg1 Re4 29. Qa4 Qxc4 30. Qxa7 g6 31. d6 cxd6 32. Qxb6 d5 33. h3 d4 34. Qf6 d3 35. Rb1 Re8 36. Qg5 Qc2 37. Rc1 d2 0-1

[Event "Recife Arraes Memorial 8th"]
[Site "Recife"]
[Date "2015.05.02"]
[Round "4"]
[White "Azevedo, Eduardo Jose E"]
[Black "Cunha, Jose Manoel Vercosa"]
[Result "1-0"]
[WhiteElo "1836"]
[BlackElo "1579"]
[PlyCount "27"]
[EventDate "2015.05.01"]
[EventType "swiss"]
[EventRounds "6"]
[EventCountry "BRA"]
[SourceTitle "EXT 2018"]
[Source "ChessBase"]
[SourceDate "2017.10.13"]
[SourceVersion "1"]
[SourceVersionDate "2017.10.13"]
[SourceQuality "1"]

1. d4 g6 2. e4 Bg7 3. Nc3 d6 4. Be3 Nf6 5. f3 0-0 6. Qd2 e5 7. d5 c6 8. 0-0-0 c5 9. Bh6 a6 10. g4 b5 11. Kb1 Bd7 12. a4 b4 13. Nce2 Bxa4 14. Ng3 1-0

[Event "Recife Arraes Memorial 6th"]
[Site "Recife"]
[Date "2013.06.08"]
[Round "4"]
[White "Cunha, Jose Manoel Vercosa"]
[Black "Azevedo, Eduardo Jose E"]
[Result "0-1"]
[WhiteElo "1662"]
[BlackElo "1856"]
[PlyCount "62"]
[EventDate "2013.06.06"]
[EventType "swiss"]
[EventRounds "7"]
[EventCountry "BRA"]
[SourceTitle "EXT 2014"]
[Source "ChessBase"]
[SourceDate "2013.11.20"]
[SourceVersion "1"]
[SourceVersionDate "2013.11.20"]
[SourceQuality "1"]

1. d4 d6 2. e4 Nf6 3. Nc3 g6 4. Be3 Bg7 5. Qd2 c6 6. Nf3 b5 7. a3 0-0 8. Bh6 a5 9. Bxg7 Kxg7 10. Bd3 Bg4 11. Be2 Na6 12. 0-0 Nc7 13. b4 axb4 14. axb4 Bxf3 15. Bxf3 d5 16. e5 Nd7 17. Rxa8 Qxa8 18. Re1 Qa3 19. Nd1 Ra8 20. Qc3 Qxc3 21. Nxc3 Ra3 22. Nb1 Ra2 23. c3 e6 24. Kf1 Nb6 25. Be2 Kf8 26. Bd3 Nc4 27. Bxc4 dxc4 28. Re2 Ra1 29. Re1 Nd5 30. g3 Ke7 31. Ke2 Rxb1 0-1

[Event "Recife Arraes Memorial 6th"]
[Site "Recife"]
[Date "2013.06.06"]
[Round "1"]
[White "Xavier, Lucca Lucas"]
[Black "Cunha, Jose Manoel Vercosa"]
[Result "1-0"]
[WhiteElo "2001"]
[BlackElo "1662"]
[PlyCount "57"]
[EventDate "2013.06.06"]
[EventType "swiss"]
[EventRounds "7"]
[EventCountry "BRA"]
[SourceTitle "EXT 2014"]
[Source "ChessBase"]
[SourceDate "2013.11.20"]
[SourceVersion "1"]
[SourceVersionDate "2013.11.20"]
[SourceQuality "1"]

1. e4 e5 2. Nf3 Nc6 3. Bb5 d6 4. d4 Bd7 5. d5 Nce7 6. Bxd7+ Qxd7 7. 0-0 Nf6 8. Nc3 Ng6 9. Be3 Be7 10. Qe2 0-0 11. h3 a6 12. a3 c5 13. b4 b6 14. bxc5 bxc5 15. Rfb1 Qa7 16. Nd2 Rfb8 17. Nb3 Nf8 18. Na5 Rb6 19. Nc6 Rxb1+ 20. Rxb1 Qc7 21. Bd2 Ng6 22. Na4 Bf8 23. Ba5 Qc8 24. Nb6 Qb7 25. Rb3 Ne7 26. Nxa8 Qxa8 27. Rb8 Nxc6 28. Rxa8 Nxa5 29. Qxa6 1-0